00689nam a2200181Ia 450000500170000000800410001702000150005808200140007310000090008724500540009625000090015026000560015930000170021550001590023294200060039195200950039799900150049220240402014035.0240331s9999 xx 000 0 und d a8185604401 bSHIa330. aCWDS 0aShifting sands :bwomen's lives and globalization a1 st aCalcutta :bWomen's Lives and Globalization /c2000 axiv, 326 p., aThe themes treated in this text reflect a diversity of issues and approaches, yet the overarching concern is to ensure a better future for women in India. cL 001040708LaWERCLbWERCLcSSCd2024-03-31l0o 330 SHIp4230r2024-03-31w2024-03-31yL c2605d2605